000
00265nam a22001217a 4500
008
180806b xxu||||| |||| 00| 0 eng d
041
_a
eng
080
_a
615
100
_a
5
101
_a
FAR
245
_a
Tarascon Pocket Pharmacopoeia
_c
Osler,W
942
_2
udc
_c
BK
999
_c
46877
_d
46877